书目信息 |
| 题名: |
教具理论研究导论
|
|
| 作者: | 刘济昌 主编 | |
| 分册: | ||
| 出版信息: | 北京 教育科学出版社 2011 |
|
| 页数: | [14], 319页 | |
| 开本: | 24cm | |
| 丛书名: | ||
| 单 册: | ||
| 中图分类: | G484 | |
| 科图分类: | ||
| 主题词: | 教具--jiao ju--研究 | |
| 电子资源: | ||
| ISBN: | 978-7-5041-5699-0 | |
| 000 | 00942nam0 2200253 450 | |
| 001 | 012001002464 | |
| 005 | 20131029085514.0 | |
| 010 | @a978-7-5041-5699-0@dCNY45.00 | |
| 099 | @aCAL 012011101172 | |
| 100 | @a20110607d2011 em y0chiy0121 ea | |
| 101 | 0 | @achi |
| 102 | @aCN@b110000 | |
| 105 | @aak a 000yy | |
| 106 | @ar | |
| 200 | 1 | @a教具理论研究导论@Ajiao ju li lun yan jiu dao lun@f刘济昌主编 |
| 210 | @a北京@c教育科学出版社@d2011 | |
| 215 | @a[14], 319页@c图@d24cm | |
| 320 | @a有书目 (第314-318页) | |
| 330 | @a本书分为十四章,内容包括:教具的历史演变与发展、教具的品种与分类、关于教具定义问题的讨论、教具的发展对理论研究的关注、信息技术的挑战、教具理论研究的目的和任务、教具研究的理论基础、教具理论研究方法、教具学的学科定位问题、教具评价的研究等。 | |
| 606 | 0 | @a教具@Ajiao ju@x研究 |
| 690 | @aG484@v4 | |
| 701 | 0 | @a刘济昌@Aliu ji chang@4主编 |
| 801 | 2 | @aCN@b江苏凤凰@c20191020 |
| 905 | @b1229140-1,90-91@dG484@e10@f4 | |
| 教具理论研究导论/刘济昌主编.-北京:教育科学出版社,2011 |
| [14], 319页:图;24cm |
| ISBN 978-7-5041-5699-0:CNY45.00 |
| 本书分为十四章,内容包括:教具的历史演变与发展、教具的品种与分类、关于教具定义问题的讨论、教具的发展对理论研究的关注、信息技术的挑战、教具理论研究的目的和任务、教具研究的理论基础、教具理论研究方法、教具学的学科定位问题、教具评价的研究等。 |
| ● |
| 相关链接 |
|
|
|
|
正题名:教具理论研究导论
索取号:G484/10
 
预约/预借
| 序号 | 登录号 | 条形码 | 馆藏地/架位号 | 状态 | 备注 |
| 1 | 1229140 | 212291401 | 第一样本阅览室/ [索取号:G484/10] | 在馆 | |
| 2 | 1229141 | 212291410 | 教育系资料室/ [索取号:G484/10] | 在馆 | |
| 3 | 1229190 | 212291900 | 教育系资料室/ [索取号:G484/10] | 在馆 | |
| 4 | 1229191 | 212291919 | 第四借阅区/ [索取号:G484/10] | 在馆 |